| 000 | 01291nam a2200289Ia 4500 | ||
|---|---|---|---|
| 003 | OSt | ||
| 005 | 20220918111855.0 | ||
| 006 | a|||||r|||| 00| 0 | ||
| 007 | ta | ||
| 008 | 220915b |||||||| |||| 00| 0 hin d | ||
| 020 | _a8181820355 (hbk) | ||
| 024 | _a766 | ||
| 037 | _b58, 10/02/2009, Motilal Banarsidass | ||
| 037 | _cTextbook | ||
| 040 |
_bhin _aARTS _cARTS |
||
| 041 | _ahin | ||
| 082 | _aR60c85, 152P6 | ||
| 100 |
_aदया कृष्ण; गाुप्ता, योगेश, संपा. _910817 |
||
| 245 | 0 | _aभारतीय एंव पाश्चात्य दार्शनिक परम्पराएं | |
| 246 | _aBhāratīya eanva pāshchātya dārshanik paramparāean | ||
| 260 |
_aजयपुर _bयू. जी. सी. आशीश प्रोग्राम दर्शन विभाग राजस्थान _c2006 |
||
| 300 |
_a531पृ0 _ccm. |
||
| 490 | _aयू. जी. सी. आशीश कार्यक्रम | ||
| 500 | _a दर्शन विभाब पुस्तक श्रृंखला; 1 | ||
| 942 |
_hR60c85, 152P6 _cTB _2CC |
||
| 999 |
_c116877 _d116877 |
||